000 00554nam a2200181 a 4500
005 20140412111300.0
008 000831s19uu xx 00 eng d
020 _a0-15-331239-4
050 _aBB
_bTh413 1989
245 _aThe Three little pigs :
_ba fairy tale /
_cillustrated by Jan Pyk.
260 _aOrlando, Florida :
_bHarcourt Brace Jovanovich, Inc,
_c1989.
300 _a8 p. ; ill.
440 _aHBJ Reading Program
500 _aIllustrated picture book
650 _aPigs stories-Fiction
650 _aChildrens stories
999 _c103328
_d103328